00585nam a2200145 a 4500008004100000050002000041245001000061246009400071260002400165300002500189350000900214995007900223999001700302952012000319120416s1983 ||||||||||||||||| || u aZ 674.83 A4 Sad10aSADIS astudy report on the feasibility of a Southern Africa Documentation and Information system aHararebSADISc1983 a(v), 77 (8)p. : ill. a0.00 D0.00FCBU-MAIN LIBRARY (Kitwe)H1I0.00M1UAVAILABLEZZambiana Collection c56883d56883 00102lcc4070a001b001cZambiana Collectiond2022-11-30l0oZ 674.83 A4 Sadp024361r2022-11-30w2022-11-30y002